Movies Quiz

Random Movies or Pixar Quiz
Score 0/20 Timer 05:00
3 Plays Today
% Correct
Finding Nemo
99.7%
Beauty and the Beast
98.2%
Toy Story
98%
Lilo & Stitch
96.1%
The Lion King
96%
Snow White and the Seven Dwarfs
95.7%
Up
95.3%
The Little Mermaid
94.9%
Peter Pan
94.4%
Lady and the Tramp
94.3%
% Correct
Mulan
93.9%
WALL-E
93.4%
Alice in Wonderland
92.5%
Aladdin
91.9%
Pocahontas
91.3%
Inside Out
89.1%
One Hundred and One Dalmatians
88.4%
Fantasia
85.7%
Zootopia
84.9%
The Aristocats
81.5%
Remove Ads.
Support Sporcle.
Get the best of Sporcle when you Go Orange. This ad-free experience offers more features, more stats, and more fun while also helping to support Sporcle. Thank you for becoming a member.

You're not logged in!

Compare scores with friends on all Sporcle quizzes.
OR
Log In

Show Comments

Extras

Top Quizzes Today


Score Distribution

Your Account Isn't Verified!

In order to create a playlist on Sporcle, you need to verify the email address you used during registration. Go to your Sporcle Settings to finish the process.

Report this User

Report this user for behavior that violates our Community Guidelines.

Details: